000 00650nam a2200205Ia 4500
003 GCL
008 140319s9999 xx 000 0 ara d
040 _aGCL /
_cGCL
082 0 4 _a642.5
_bم ا
100 1 _aمحمد ابراهيم الشاذلى
245 1 0 _aاصول فن الخدمة فى الفنادق والمطاعم الحديثة /
_cمحمد ابراهيم الشاذلى
260 _a[S.N] :
_bالدار المصرية اللبنانية ،
_c1992
300 _a251 ص
490 _a
650 0 4 _aالفنادق
650 0 4 _aتنظيم وادارة
650 0 4 _aالمطاعم
650 0 4 _aموظفون
942 _2ddc
_cBK
999 _c33395
_d33395